| 000 | 01602nam a22003377a 4500 | ||
|---|---|---|---|
| 005 | 20160115055152.0 | ||
| 008 | 160115b2010 ck ado |r|||| 00| 0 spa d | ||
| 020 | _a9789588332352 | ||
| 040 |
_aCO-BoIAVH _cCO-BoIAVH |
||
| 041 | 0 | _aspa | |
| 044 | _ack | ||
| 082 | 0 | 4 |
_a597.09861 _bC83g |
| 100 | 1 | _aCortés Gómez, Angélica María | |
| 245 | 1 | 0 |
_aGuía de los anfibios y reptiles. _bÁrea de conservación de la microcuenca Quebrada los Pericos / _cAngela María Cortés Gómez [y otros 6] |
| 260 |
_aSantiago de Cali (Colombia) : _bCorporación Autónoma Regional del Valle del Cauca, _c2010. |
||
| 300 |
_a38 páginas : _bilustraciones, gráficas, fotografías a color ; _c21 x 14 cm. |
||
| 504 | _aIncluye referencias bibliográficas (página 38). | ||
| 650 | 6 |
_aAnfibios _vGuías _zValle del Cauca (Departamento, Colombia) |
|
| 650 | 6 |
_aAnfibios _xEspecies _zValle del Cauca (Departamento, Colombia) |
|
| 650 | 6 |
_aReptiles _vGuías _zValle del Cauca (Departamento, Colombia) |
|
| 650 | 6 |
_aReptiles _xEspecies _zValle del Cauca (Departamento, Colombia) |
|
| 651 |
_aColombia _zValle del Cauca (Departamento) _zQuebrada Pericos |
||
| 700 | 1 | _aValencia Aguilar, Anyelet | |
| 700 | 1 | _aTorres Domínguez, Diana Marcela | |
| 700 | 1 | _aGarcía Calderón, Lina María | |
| 700 | 1 | _aVillaquirán Martínez, Fernando | |
| 700 | 1 | _aCáceres Franco, Andrea del Pilar | |
| 700 | 1 | _aCatro Herrera, Fernando | |
| 710 | 2 | _aGrupo de investigación en Anfibios y Reptiles - REPTIBIANS | |
| 942 |
_2ddc _cFolleto |
||
| 999 |
_c17967 _d17967 |
||